Community service learning CSL-401 (Record no. 554200)
[ view plain ]
| 000 -LEADER | |
|---|---|
| fixed length control field | 00360nam a22001337a 4500 |
| 082 ## - DEWEY DECIMAL CLASSIFICATION NUMBER | |
| Classification number | CP66 |
| 100 ## - MAIN ENTRY--PERSONAL NAME | |
| Personal name | Ahsan Gul |
| 9 (RLIN) | 51199 |
| 245 ## - TITLE STATEMENT | |
| Title | Community service learning CSL-401 |
| Remainder of title | Course Pack OD-84 |
| 250 ## - EDITION STATEMENT | |
| Edition statement | Spring Semester 2017 |
| 260 ## - PUBLICATION, DISTRIBUTION, ETC. | |
| Place of publication, distribution, etc. | MCE |
| 526 ## - STUDY PROGRAM INFORMATION NOTE | |
| Program name | 0 |
| Interest level | 0 |
| Reading level | 0 |
| Title point value | CP_66_000000000000000 |
| 650 ## - SUBJECT ADDED ENTRY--TOPICAL TERM | |
| Topical term or geographic name entry element | Community service learning |
| 9 (RLIN) | 51517 |
| 942 ## - ADDED ENTRY ELEMENTS (KOHA) | |
| Source of classification or shelving scheme | |
| Koha item type | Book |
| Withdrawn status | Lost status | Source of classification or shelving scheme | Damaged status | Not for loan | Permanent Location | Current Location | Date acquired | Total Checkouts | Full call number | Barcode | Date last seen | Date last checked out | Price effective from | Koha item type |
|---|---|---|---|---|---|---|---|---|---|---|---|---|---|---|
| Military College of Engineering (MCE) | Military College of Engineering (MCE) | 03/08/2019 | 1 | CP66 | MCE-CP-66 | 03/18/2019 | 03/08/2019 | 03/08/2019 | Book |
